000 00779nam a2200217 4500
001 55232
003 BD-RjUL
005 20211209080233.0
008 161115s1993 bg ||||| |||| 00| 0 eng d
035 _a(BD-RjUL)55354
040 _bENG
_cBD-RjUL
041 _aENG
082 _223
_a306.09549214
_bOKI 1993
100 _aOkuma, Chiyoko ; IPSA-JICA Project.
_9164553
245 _aIllustrated monograph of the rice field spiders of Bangladesh/
_cChiyoko Okuma [and others].
260 _aGazipur, Bangladesh :
_b Institute of Postgraduate Studies in Agriculture,
_c1993.
300 _a[4], 93 pages :
_billustrations (chiefly color), map ;
_c23 cm.
490 _aIPSA-JICA Project publication, no. 1.
650 _aManners and customs
_zBangladesh
_9164554
942 _2ddc
_cBK
999 _c55232
_d55232